[Event "Grand Swiss "]
[Date "2025.09.04"]
[White "Anton Guijarro, David"]
[Black "Fedoseev, Vladimir"]
[WhiteElo "2625"]
[BlackElo "2731"]
[Round "1.1.13"]
[Result "1-0"]

1. d4 {[%clk 01:40:55] [%emt 00:00:04]} d5 {[%clk 01:40:31] [%emt 00:00:29]} 2.
c4 {[%clk 01:41:13] [%emt 00:00:12]} e6 {[%clk 01:40:54] [%emt 00:00:07]} 3. Nc3
{[%clk 01:41:22] [%emt 00:00:21]} Nf6 {[%clk 01:41:14] [%emt 00:00:10]} 4. cxd5
{[%clk 01:41:00] [%emt 00:00:53]} exd5 {[%clk 01:41:36] [%emt 00:00:08]} 5. Bg5
{[%clk 01:41:08] [%emt 00:00:21]} c6 {[%clk 01:41:33] [%emt 00:00:33]} 6. e3
{[%clk 01:41:07] [%emt 00:00:31]} Bf5 {[%clk 01:35:15] [%emt 00:06:48]} 7. Qf3
{[%clk 01:40:05] [%emt 00:01:32]} Be6 {[%clk 01:35:31] [%emt 00:00:14]} 8. Bxf6
{[%clk 01:39:33] [%emt 00:01:01]} Qxf6 {[%clk 01:35:54] [%emt 00:00:08]} 9. Qxf6
{[%clk 01:39:58] [%emt 00:00:05]} gxf6 {[%clk 01:36:17] [%emt 00:00:07]} 10. Bd3
{[%clk 01:34:12] [%emt 00:06:15]} h5 {[%clk 01:36:38] [%emt 00:00:09]} 11. Nge2
{[%clk 01:30:34] [%emt 00:04:07]} h4 {[%clk 01:37:00] [%emt 00:00:08]} 12. f3
{[%clk 01:23:36] [%emt 00:07:29]} Nd7 {[%clk 01:29:39] [%emt 00:07:51]} 13. Kf2
{[%clk 01:06:54] [%emt 00:17:12]} f5 {[%clk 01:16:03] [%emt 00:14:06]} 14. Nf4
{[%clk 01:06:32] [%emt 00:00:52]} Nb6 {[%clk 01:07:35] [%emt 00:08:59]} 15. Nce2
{[%clk 01:02:42] [%emt 00:04:20]} Bd7 {[%clk 01:05:06] [%emt 00:02:59]} 16. g3
{[%clk 00:57:54] [%emt 00:05:17]} Be7 {[%clk 01:00:05] [%emt 00:05:32]} 17. Ng2
{[%clk 00:55:32] [%emt 00:02:51]} hxg3+ {[%clk 00:53:08] [%emt 00:07:27]} 18.
hxg3 {[%clk 00:40:31] [%emt 00:15:32]} O-O-O {[%clk 00:45:27] [%emt 00:08:10]}
19. Nh4 {[%clk 00:37:41] [%emt 00:03:20]} Bxh4 {[%clk 00:41:59] [%emt 00:03:59]}
20. gxh4 {[%clk 00:34:45] [%emt 00:03:26]} Rh6 {[%clk 00:39:56] [%emt 00:02:33]}
21. Rh2 {[%clk 00:24:53] [%emt 00:10:22]} Rdh8 {[%clk 00:38:59] [%emt 00:01:26]}
22. Rah1 {[%clk 00:25:16] [%emt 00:00:07]} Kd8 {[%clk 00:39:12] [%emt 00:00:17]}
23. h5 {[%clk 00:23:35] [%emt 00:02:11]} Ke7 {[%clk 00:34:40] [%emt 00:05:02]}
24. Rh4 {[%clk 00:22:41] [%emt 00:01:24]} Nc8 {[%clk 00:32:17] [%emt 00:02:53]}
25. Ng3 {[%clk 00:22:26] [%emt 00:00:45]} Kf6 {[%clk 00:31:34] [%emt 00:01:12]}
26. Rf4 {[%clk 00:19:39] [%emt 00:03:18]} Ne7 {[%clk 00:29:31] [%emt 00:02:33]}
27. e4 {[%clk 00:16:54] [%emt 00:03:15]} Ng6 {[%clk 00:13:55] [%emt 00:16:06]}
28. e5+ {[%clk 00:14:43] [%emt 00:02:41]} Ke7 {[%clk 00:08:56] [%emt 00:05:29]}
29. Rxf5 {[%clk 00:12:08] [%emt 00:03:05]} Nf8 {[%clk 00:06:50] [%emt 00:02:35]}
30. Rg5 {[%clk 00:10:46] [%emt 00:01:51]} Ke8 {[%clk 00:05:14] [%emt 00:02:07]}
31. Nf5 {[%clk 00:06:51] [%emt 00:04:25]} Bxf5 {[%clk 00:05:41] [%emt 00:00:04]}
32. Bxf5 {[%clk 00:07:08] [%emt 00:00:12]} a5 {[%clk 00:05:41] [%emt 00:00:30]}
33. f4 {[%clk 00:06:40] [%emt 00:00:58]} b6 {[%clk 00:06:01] [%emt 00:00:11]}
34. Kg3 {[%clk 00:04:04] [%emt 00:03:05]} c5 {[%clk 00:04:35] [%emt 00:01:56]}
35. Kg4 {[%clk 00:03:46] [%emt 00:00:48]} cxd4 {[%clk 00:01:38] [%emt 00:03:28]}
36. Rd1 {[%clk 00:03:16] [%emt 00:00:59]} Rc6 {[%clk 00:01:07] [%emt 00:01:01]}
37. Rxd4 {[%clk 00:01:52] [%emt 00:01:55]} Ne6 {[%clk 00:01:14] [%emt 00:00:23]}
38. Bxe6 {[%clk 00:02:07] [%emt 00:00:15]} fxe6 {[%clk 00:01:39] [%emt
00:00:05]} 39. Rg6 {[%clk 00:01:56] [%emt 00:00:41]} Kd7 {[%clk 00:02:04] [%emt
00:00:04]} 40. Rg7+ {[%clk 00:01:15] [%emt 00:01:12]} Ke8 {[%clk 00:02:33]} 41.
Rg6 {[%clk 00:49:10] [%emt 00:02:35]} Kd7 {[%clk 00:48:48] [%emt 00:04:15]} 42.
h6 {[%clk 00:45:07] [%emt 00:04:33]} Rc1 {[%clk 00:46:00] [%emt 00:03:19]} 43.
f5 {[%clk 00:39:10] [%emt 00:06:28]} Rg1+ {[%clk 00:40:54] [%emt 00:05:35]} 44.
Kh5 {[%clk 00:39:09] [%emt 00:00:31]} Rf1 {[%clk 00:41:22] [%emt 00:00:02]} 45.
fxe6+ {[%clk 00:30:41] [%emt 00:08:57]} Kc6 {[%clk 00:35:37] [%emt 00:06:16]}
46. Kg5 {[%clk 00:29:08] [%emt 00:02:03]} Kc5 {[%clk 00:35:32] [%emt 00:00:35]}
47. Rf4 {[%clk 00:28:36] [%emt 00:01:02]} Re1 {[%clk 00:33:47] [%emt 00:02:15]}
48. Kf5 {[%clk 00:23:13] [%emt 00:05:53]} Rh7 {[%clk 00:30:45] [%emt 00:03:32]}
49. Kf6 {[%clk 00:22:38] [%emt 00:01:05]} Kc6 {[%clk 00:31:10] [%emt 00:00:04]}
50. e7 {[%clk 00:21:50] [%emt 00:01:18]} 1-0

[Site "Europe Echecs"]

[Event "Grand Swiss "]
[Date "2025.09.04"]
[White "Sindarov, Javokhir"]
[Black "Hakobyan, Aram"]
[WhiteElo "2722"]
[BlackElo "2625"]
[Round "1.1.14"]
[Result "1/2-1/2"]

1. d4 {[%clk 01:40:53] [%emt 00:00:06]} Nf6 {[%clk 01:40:06] [%emt 00:00:54]} 2.
c4 {[%clk 01:41:09] [%emt 00:00:15]} e6 {[%clk 01:40:29] [%emt 00:00:06]} 3. Nf3
{[%clk 01:41:34] [%emt 00:00:04]} d5 {[%clk 01:40:45] [%emt 00:00:13]} 4. Nc3
{[%clk 01:41:58] [%emt 00:00:07]} Bb4 {[%clk 01:40:54] [%emt 00:00:21]} 5. Bg5
{[%clk 01:41:53] [%emt 00:00:36]} h6 {[%clk 01:40:02] [%emt 00:01:21]} 6. Bxf6
{[%clk 01:42:07] [%emt 00:00:17]} Qxf6 {[%clk 01:40:22] [%emt 00:00:09]} 7. Qa4+
{[%clk 01:41:01] [%emt 00:01:36]} Nc6 {[%clk 01:40:47] [%emt 00:00:06]} 8. e3
{[%clk 01:40:25] [%emt 00:01:06]} O-O {[%clk 01:41:08] [%emt 00:00:08]} 9. Rc1
{[%clk 01:40:19] [%emt 00:00:36]} Rd8 {[%clk 01:39:17] [%emt 00:02:21]} 10. Be2
{[%clk 01:39:13] [%emt 00:01:36]} dxc4 {[%clk 01:35:49] [%emt 00:03:59]} 11. Qb5
{[%clk 01:39:11] [%emt 00:00:31]} Qe7 {[%clk 01:25:42] [%emt 00:10:37]} 12. a3
{[%clk 01:35:36] [%emt 00:04:07]} Bd6 {[%clk 01:22:05] [%emt 00:04:05]} 13. Qxc4
{[%clk 01:32:37] [%emt 00:03:29]} e5 {[%clk 01:18:47] [%emt 00:03:49]} 14. d5
{[%clk 01:32:42] [%emt 00:00:25]} Nb8 {[%clk 01:18:57] [%emt 00:00:19]} 15. Nb5
{[%clk 01:26:30] [%emt 00:06:42]} Nd7 {[%clk 01:07:58] [%emt 00:11:29]} 16. Nxd6
{[%clk 01:24:15] [%emt 00:02:45]} cxd6 {[%clk 01:07:13] [%emt 00:01:15]} 17. Qc7
{[%clk 01:24:31] [%emt 00:00:14]} Kf8 {[%clk 01:05:02] [%emt 00:02:41]} 18. Nd2
{[%clk 01:21:39] [%emt 00:03:21]} Nb6 {[%clk 00:48:18] [%emt 00:17:15]} 19. e4
{[%clk 01:19:54] [%emt 00:02:16]} Qxc7 {[%clk 00:40:02] [%emt 00:08:45]} 20.
Rxc7 {[%clk 01:19:32] [%emt 00:00:52]} Rb8 {[%clk 00:40:26] [%emt 00:00:06]} 21.
Nb3 {[%clk 01:03:10] [%emt 00:16:52]} Bd7 {[%clk 00:38:22] [%emt 00:02:33]} 22.
Kd2 {[%clk 01:01:32] [%emt 00:02:10]} Rdc8 {[%clk 00:37:24] [%emt 00:01:27]} 23.
Rhc1 {[%clk 01:00:33] [%emt 00:01:30]} Rxc7 {[%clk 00:28:25] [%emt 00:09:30]}
24. Rxc7 {[%clk 01:00:52] [%emt 00:00:11]} Bc8 {[%clk 00:28:48] [%emt 00:00:07]}
25. Na5 {[%clk 00:54:24] [%emt 00:06:58]} Na8 {[%clk 00:29:00] [%emt 00:00:17]}
26. Rc3 {[%clk 00:54:44] [%emt 00:00:09]} Bd7 {[%clk 00:23:39] [%emt 00:05:52]}
27. h4 {[%clk 00:53:26] [%emt 00:01:49]} Ke7 {[%clk 00:22:38] [%emt 00:01:30]}
28. h5 {[%clk 00:49:59] [%emt 00:03:57]} g6 {[%clk 00:20:34] [%emt 00:02:34]}
29. hxg6 {[%clk 00:47:30] [%emt 00:02:59]} fxg6 {[%clk 00:21:03] [%emt
00:00:02]} 30. g3 {[%clk 00:47:46] [%emt 00:00:14]} h5 {[%clk 00:13:59] [%emt
00:07:33]} 31. Ke3 {[%clk 00:46:43] [%emt 00:01:34]} Kf6 {[%clk 00:04:16] [%emt
00:10:13]} 32. Rc1 {[%clk 00:45:20] [%emt 00:01:53]} Rc8 {[%clk 00:03:38] [%emt
00:01:08]} 33. Rd1 {[%clk 00:28:06] [%emt 00:17:44]} Ke7 {[%clk 00:02:51] [%emt
00:01:17]} 34. f4 {[%clk 00:26:42] [%emt 00:01:54]} b6 {[%clk 00:03:01] [%emt
00:00:20]} 35. Nc4 {[%clk 00:25:52] [%emt 00:01:20]} b5 {[%clk 00:03:29] [%emt
00:00:02]} 36. Nd2 {[%clk 00:22:26] [%emt 00:03:56]} Nb6 {[%clk 00:03:53] [%emt
00:00:06]} 37. Nf3 {[%clk 00:22:45] [%emt 00:00:11]} Kf6 {[%clk 00:03:03] [%emt
00:01:20]} 38. Rf1 {[%clk 00:22:10] [%emt 00:01:05]} a6 {[%clk 00:02:54] [%emt
00:00:39]} 39. fxe5+ {[%clk 00:21:26] [%emt 00:01:14]} dxe5 {[%clk 00:03:23]
[%emt 00:00:01]} 40. b3 {[%clk 00:21:46] [%emt 00:00:10]} Bh3 {[%emt 00:03:24]}
41. Rf2 {[%clk 00:21:55] [%emt 00:00:18]} Bd7 {[%clk 00:45:53] [%emt 00:05:08]}
42. Kd2 {[%clk 01:11:04] [%emt 00:01:21]} Re8 {[%clk 00:35:11] [%emt 00:11:13]}
43. Ne1+ {[%clk 01:08:53] [%emt 00:02:41]} Kg7 {[%clk 00:33:35] [%emt 00:02:06]}
44. Nd3 {[%clk 01:09:12] [%emt 00:00:12]} Nxd5 {[%clk 00:29:49] [%emt 00:04:15]}
45. exd5 {[%emt 00:03:45]} 1/2-1/2

[Site "Europe Echecs"]

[Event "Grand Swiss "]
[Date "2025.09.04"]
[White "Dardha, Daniel"]
[Black "Yu, Yangyi"]
[WhiteElo "2624"]
[BlackElo "2714"]
[Round "1.1.15"]
[Result "1/2-1/2"]

1. e4 {[%clk 01:40:55] [%emt 00:00:03]} c5 {[%clk 01:40:28] [%emt 00:00:33]} 2.
Nf3 {[%clk 01:41:14] [%emt 00:00:12]} e6 {[%clk 01:40:31] [%emt 00:00:26]} 3. d4
{[%clk 01:41:20] [%emt 00:00:24]} cxd4 {[%clk 01:40:51] [%emt 00:00:10]} 4. Nxd4
{[%clk 01:41:44] [%emt 00:00:06]} a6 {[%clk 01:40:51] [%emt 00:00:31]} 5. Bd3
{[%clk 01:41:40] [%emt 00:00:34]} Nf6 {[%clk 01:40:06] [%emt 00:01:15]} 6. O-O
{[%clk 01:40:55] [%emt 00:01:15]} Qc7 {[%clk 01:39:48] [%emt 00:00:48]} 7. Qe2
{[%clk 01:40:07] [%emt 00:01:18]} d6 {[%clk 01:39:25] [%emt 00:00:54]} 8. c4
{[%clk 01:39:49] [%emt 00:00:48]} Nbd7 {[%clk 01:37:23] [%emt 00:02:31]} 9. Nc3
{[%clk 01:39:03] [%emt 00:01:15]} Ne5 {[%clk 01:35:39] [%emt 00:02:13]} 10. Kh1
{[%clk 01:27:12] [%emt 00:12:23]} Be7 {[%clk 01:33:43] [%emt 00:02:25]} 11. f4
{[%clk 01:23:26] [%emt 00:04:17]} Nxd3 {[%clk 01:30:57] [%emt 00:03:15]} 12.
Qxd3 {[%clk 01:23:51] [%emt 00:00:05]} O-O {[%clk 01:30:33] [%emt 00:00:54]} 13.
b3 {[%clk 01:23:25] [%emt 00:00:57]} Bd7 {[%clk 01:12:04] [%emt 00:18:59]} 14.
Bb2 {[%clk 01:17:59] [%emt 00:05:57]} Rad8 {[%clk 01:01:11] [%emt 00:11:22]} 15.
Qg3 {[%clk 01:08:02] [%emt 00:10:27]} Nh5 {[%clk 00:55:14] [%emt 00:06:27]} 16.
Qf3 {[%clk 01:04:50] [%emt 00:03:41]} Nf6 {[%clk 00:54:52] [%emt 00:00:52]} 17.
Qg3 {[%clk 01:01:12] [%emt 00:04:08]} Nh5 {[%clk 00:49:56] [%emt 00:05:27]} 18.
Qf3 {[%clk 00:57:12] [%emt 00:04:30]} Nf6 {[%clk 00:48:57] [%emt 00:01:28]} 19.
g4 {[%clk 00:53:26] [%emt 00:04:17]} Qc5 {[%clk 00:35:16] [%emt 00:14:12]} 20.
g5 {[%clk 00:48:46] [%emt 00:05:09]} Qxd4 {[%clk 00:26:56] [%emt 00:08:50]} 21.
Rad1 {[%clk 00:32:13] [%emt 00:17:04]} Qc5 {[%clk 00:19:34] [%emt 00:07:52]} 22.
gxf6 {[%clk 00:32:17] [%emt 00:00:26]} Bxf6 {[%clk 00:19:32] [%emt 00:00:32]}
23. Na4 {[%clk 00:28:30] [%emt 00:04:17]} Qc6 {[%clk 00:18:15] [%emt 00:01:47]}
24. Bxf6 {[%clk 00:27:52] [%emt 00:01:08]} gxf6 {[%clk 00:18:44] [%emt
00:00:02]} 25. Rd5 {[%clk 00:21:14] [%emt 00:07:07]} exd5 {[%clk 00:10:47] [%emt
00:08:27]} 26. Qg3+ {[%clk 00:19:15] [%emt 00:02:28]} Kh8 {[%clk 00:11:17] [%emt
00:00:01]} 27. Qh4 {[%clk 00:19:16] [%emt 00:00:29]} Bg4 {[%clk 00:10:59] [%emt
00:00:47]} 28. Qxf6+ {[%clk 00:18:55] [%emt 00:00:51]} Kg8 {[%clk 00:11:27]
[%emt 00:00:02]} 29. Rg1 {[%clk 00:16:45] [%emt 00:02:40]} h5 {[%clk 00:11:36]
[%emt 00:00:21]} 30. Nc3 {[%clk 00:14:04] [%emt 00:03:11]} Rde8 {[%clk 00:09:52]
[%emt 00:02:14]} 31. f5 {[%clk 00:11:45] [%emt 00:02:49]} Re5 {[%clk 00:07:36]
[%emt 00:02:46]} 32. Rxg4+ {[%clk 00:01:27] [%emt 00:10:48]} hxg4 {[%clk
00:08:05] [%emt 00:00:01]} 33. Qg5+ {[%clk 00:01:38] [%emt 00:00:18]} Kh7 {[%clk
00:08:17] [%emt 00:00:19]} 34. Qh5+ {[%clk 00:02:03] [%emt 00:00:05]} Kg7 {[%clk
00:07:26] [%emt 00:01:21]} 35. Qg5+ {[%clk 00:02:28] [%emt 00:00:05]} Kh7 {[%clk
00:07:53] [%emt 00:00:03]} 36. Qh4+ {[%clk 00:02:52] [%emt 00:00:05]} Kg7 {[%clk
00:06:27] [%emt 00:01:56]} 37. Qxg4+ {[%clk 00:03:09] [%emt 00:00:14]} Kf6
{[%clk 00:04:03] [%emt 00:02:52]} 38. Qh4+ {[%clk 00:03:16] [%emt 00:00:24]} Kg7
{[%clk 00:04:29] [%emt 00:00:05]} 39. Qg5+ {[%clk 00:02:42] [%emt 00:01:03]} Kh7
{[%clk 00:04:42] [%emt 00:00:17]} 1/2-1/2

[Site "Europe Echecs"]

[Event "Grand Swiss "]
[Date "2025.09.04"]
[White "Vidit, Santosh Gujrathi"]
[Black "Donchenko, Alexander"]
[WhiteElo "2712"]
[BlackElo "2624"]
[Round "1.1.16"]
[Result "1-0"]

1. e4 {[%clk 01:40:23] [%emt 00:00:35]} c5 {[%clk 01:40:42] [%emt 00:00:19]} 2.
Nf3 {[%clk 01:40:36] [%emt 00:00:17]} e6 {[%clk 01:40:55] [%emt 00:00:17]} 3. d4
{[%clk 01:35:20] [%emt 00:05:46]} cxd4 {[%clk 01:41:06] [%emt 00:00:20]} 4. Nxd4
{[%clk 01:35:33] [%emt 00:00:17]} Nf6 {[%clk 01:41:20] [%emt 00:00:16]} 5. Nc3
{[%clk 01:35:44] [%emt 00:00:18]} Nc6 {[%clk 01:41:35] [%emt 00:00:15]} 6. Qd3
{[%clk 01:32:01] [%emt 00:04:13]} d5 {[%clk 01:34:48] [%emt 00:07:17]} 7. exd5
{[%clk 01:32:02] [%emt 00:00:28]} Nb4 {[%clk 01:34:55] [%emt 00:00:24]} 8. Qg3
{[%clk 01:31:49] [%emt 00:00:42]} Bc5 {[%clk 01:26:59] [%emt 00:08:27]} 9. a3
{[%clk 01:30:50] [%emt 00:01:29]} Nbxd5 {[%clk 01:26:51] [%emt 00:00:38]} 10.
Nxd5 {[%clk 01:30:25] [%emt 00:00:54]} Qxd5 {[%clk 01:27:07] [%emt 00:00:14]}
11. Nb5 {[%clk 01:30:34] [%emt 00:00:21]} O-O {[%clk 01:27:01] [%emt 00:00:36]}
12. Nc3 {[%clk 01:30:42] [%emt 00:00:22]} Qd6 {[%clk 01:26:58] [%emt 00:00:34]}
13. Bd3 {[%clk 01:26:04] [%emt 00:05:07]} h6 {[%clk 01:22:22] [%emt 00:05:07]}
14. Bf4 {[%clk 01:13:59] [%emt 00:12:34]} e5 {[%clk 01:11:08] [%emt 00:11:44]}
15. Be3 {[%clk 01:06:53] [%emt 00:07:36]} Bd7 {[%clk 01:04:02] [%emt 00:07:36]}
16. O-O-O {[%clk 01:04:45] [%emt 00:02:37]} Bxe3+ {[%clk 01:02:24] [%emt
00:02:08]} 17. Qxe3 {[%clk 01:03:46] [%emt 00:01:28]} Qc7 {[%clk 01:01:29] [%emt
00:01:25]} 18. Ne4 {[%clk 00:40:51] [%emt 00:23:25]} Nd5 {[%clk 00:47:59] [%emt
00:14:01]} 19. Qc5 {[%clk 00:40:55] [%emt 00:00:26]} Qc6 {[%clk 00:47:56] [%emt
00:00:33]} 20. Rhe1 {[%clk 00:37:06] [%emt 00:04:19]} b6 {[%clk 00:39:54] [%emt
00:08:32]} 21. Qd6 {[%clk 00:33:32] [%emt 00:04:04]} f5 {[%clk 00:30:56] [%emt
00:09:29]} 22. Qxc6 {[%clk 00:28:39] [%emt 00:05:22]} Bxc6 {[%clk 00:31:23]
[%emt 00:00:02]} 23. Nd6 {[%clk 00:28:08] [%emt 00:01:02]} Nf4 {[%clk 00:29:35]
[%emt 00:02:17]} 24. Rxe5 {[%clk 00:17:57] [%emt 00:10:41]} Bxg2 {[%clk
00:24:52] [%emt 00:05:13]} 25. Nxf5 {[%clk 00:15:20] [%emt 00:03:07]} Kh8 {[%clk
00:23:39] [%emt 00:01:43]} 26. Rd2 {[%clk 00:10:52] [%emt 00:04:58]} Rf6 {[%clk
00:15:43] [%emt 00:08:26]} 27. Bc4 {[%clk 00:06:39] [%emt 00:04:44]} Raf8 {[%clk
00:11:47] [%emt 00:04:26]} 28. Nd6 {[%clk 00:05:56] [%emt 00:01:13]} Bc6 {[%clk
00:06:29] [%emt 00:05:47]} 29. Re7 {[%clk 00:05:49] [%emt 00:00:36]} Rg6 {[%clk
00:03:07] [%emt 00:03:53]} 30. b3 {[%clk 00:04:04] [%emt 00:02:14]} a6 {[%clk
00:01:10] [%emt 00:02:27]} 31. Nf7+ {[%clk 00:03:55] [%emt 00:00:39]} Kh7 {[%clk
00:01:39] [%emt 00:00:01]} 32. Ne5 {[%clk 00:04:06] [%emt 00:00:19]} Rg1+ {[%clk
00:02:07] [%emt 00:00:02]} 33. Kb2 {[%clk 00:04:27] [%emt 00:00:09]} b5 {[%clk
00:02:22] [%emt 00:00:16]} 34. Bf7 {[%clk 00:04:25] [%emt 00:00:32]} Re1 {[%clk
00:01:51] [%emt 00:01:00]} 35. Rd6 {[%clk 00:03:07] [%emt 00:01:48]} Be4 {[%clk
00:01:10] [%emt 00:01:12]} 36. Nd7 {[%clk 00:01:51] [%emt 00:01:45]} Nd3+ {[%clk
00:00:31] [%emt 00:01:09]} 37. cxd3 {[%clk 00:01:05] [%emt 00:01:17]} 1-0

[Site "Europe Echecs"]

[Event "Grand Swiss "]
[Date "2025.09.04"]
[White "Ponomariov, Ruslan"]
[Black "Rapport, Richard"]
[WhiteElo "2622"]
[BlackElo "2711"]
[Round "1.1.17"]
[Result "1/2-1/2"]

1. e4 {[%clk 01:40:57] [%emt 00:00:02]} c5 {[%clk 01:40:42] [%emt 00:00:18]} 2.
Nf3 {[%clk 01:41:18] [%emt 00:00:09]} e6 {[%clk 01:40:15] [%emt 00:00:58]} 3. d4
{[%clk 01:40:49] [%emt 00:00:58]} cxd4 {[%clk 01:40:39] [%emt 00:00:06]} 4. Nxd4
{[%clk 01:41:15] [%emt 00:00:04]} Nc6 {[%clk 01:41:04] [%emt 00:00:05]} 5. g3
{[%clk 01:39:01] [%emt 00:02:43]} h5 {[%clk 01:37:02] [%emt 00:04:31]} 6. Nc3
{[%clk 01:27:57] [%emt 00:11:35]} a6 {[%clk 01:36:19] [%emt 00:01:13]} 7. Bf4
{[%clk 01:23:51] [%emt 00:04:35]} d6 {[%clk 01:30:53] [%emt 00:05:57]} 8. Nxc6
{[%clk 01:22:08] [%emt 00:02:13]} bxc6 {[%clk 01:31:21] [%emt 00:00:03]} 9. Qd2
{[%clk 01:22:18] [%emt 00:00:20]} Be7 {[%clk 01:23:47] [%emt 00:08:04]} 10.
O-O-O {[%clk 01:19:59] [%emt 00:02:48]} e5 {[%clk 01:24:09] [%emt 00:00:08]} 11.
Be3 {[%clk 01:20:23] [%emt 00:00:07]} Nf6 {[%clk 01:23:35] [%emt 00:01:03]} 12.
f4 {[%clk 01:15:04] [%emt 00:05:49]} Qa5 {[%clk 01:14:37] [%emt 00:09:28]} 13.
Bc4 {[%clk 01:04:18] [%emt 00:11:16]} Bg4 {[%clk 01:11:13] [%emt 00:03:54]} 14.
Rde1 {[%clk 01:02:39] [%emt 00:02:08]} Qb4 {[%clk 01:08:55] [%emt 00:02:48]} 15.
Bb3 {[%clk 00:52:00] [%emt 00:11:09]} a5 {[%clk 01:03:06] [%emt 00:06:19]} 16.
h3 {[%clk 00:48:18] [%emt 00:04:13]} Bd7 {[%clk 00:59:27] [%emt 00:04:09]} 17.
a3 {[%clk 00:47:39] [%emt 00:01:09]} Qb7 {[%clk 00:59:30] [%emt 00:00:27]} 18.
g4 {[%clk 00:41:55] [%emt 00:06:13]} a4 {[%clk 00:51:14] [%emt 00:08:47]} 19.
Bxa4 {[%clk 00:36:41] [%emt 00:05:44]} O-O {[%clk 00:49:39] [%emt 00:02:04]} 20.
Bb3 {[%clk 00:29:22] [%emt 00:07:49]} Be6 {[%clk 00:49:27] [%emt 00:00:42]} 21.
fxe5 {[%clk 00:27:54] [%emt 00:01:58]} dxe5 {[%clk 00:49:05] [%emt 00:00:52]}
22. g5 {[%clk 00:27:53] [%emt 00:00:32]} Nd7 {[%clk 00:41:33] [%emt 00:08:01]}
23. Bxe6 {[%clk 00:25:51] [%emt 00:02:32]} fxe6 {[%clk 00:41:55] [%emt
00:00:08]} 24. Qd3 {[%clk 00:22:25] [%emt 00:03:56]} Rfb8 {[%clk 00:32:48] [%emt
00:09:37]} 25. Nd1 {[%clk 00:21:19] [%emt 00:01:35]} c5 {[%clk 00:32:49] [%emt
00:00:30]} 26. Rhf1 {[%clk 00:18:48] [%emt 00:03:00]} Ra4 {[%clk 00:32:21] [%emt
00:00:58]} 27. c3 {[%clk 00:15:20] [%emt 00:03:57]} Nb6 {[%clk 00:20:31] [%emt
00:12:21]} 28. Qe2 {[%clk 00:11:02] [%emt 00:04:49]} Qxe4 {[%clk 00:19:26] [%emt
00:01:35]} 29. Qxh5 {[%clk 00:10:51] [%emt 00:00:41]} Rxa3 {[%clk 00:17:51]
[%emt 00:02:05]} 30. Qf7+ {[%clk 00:07:29] [%emt 00:03:51]} Kh8 {[%clk 00:18:01]
[%emt 00:00:20]} 31. bxa3 {[%clk 00:03:51] [%emt 00:04:09]} Nc4 {[%clk 00:18:20]
[%emt 00:00:10]} 32. Qh5+ {[%clk 00:04:06] [%emt 00:00:15]} Kg8 {[%clk 00:18:42]
[%emt 00:00:08]} 33. Qf7+ {[%emt 00:00:06]} 1/2-1/2

[Site "Europe Echecs"]